000 00558nam a2200205 i 4500
001 56273
003 ES-MaACL
005 20240125170428.0
007 t|
008 031007s1974 sp e ||||1| spa d
245 0 0 _aDiccionario enciclópedico ilustrado Plaza y Janés.
250 _a8ª ed.
260 _aBarcelona :
_bPlaza & Janés,
_c1974.
300 _a6 v. :
_bil. ;
_c26 cm.
655 7 _2tgfbne
_9226844
_aEnciclopedias
710 2 _aPlaza & Janés Editores.
_96229
852 4 _aES-MaACL
_jL-3786-91
942 _2udc
999 _c56273
_d56273